000 00394pab a2200157 454500
008 180718b2014 xxu||||| |||| 00| 0 eng d
100 _aDasgupta, Sukti
245 _aThe 'employing workers index': A critique and review
260 _c2014
300 _ap.97-103.
362 _a26 Apr
650 _aLabour law
773 _aEconomic and Political Weekly
908 _aN
909 _a105648
999 _c105643
_d105643